Konštruktívnosť a činorodosť Prvé zasadanie federálnej vlády

Bibliographic Details
Format: Article
Language:Slovak
Subjects:

MARC

LEADER 00000nab a2200000 a 4500
001 vtls000455929
003 SK-MaSNL
005 20260303000004.0
008 120926c1992 xo 0 slo
015 |a SNBRB19rr/mm-uuuuu 
035 |a CL0456060 
040 |a SNKBUCL  |b slo  |c SNKBUCL  |e AACR2 
041 0 |a slo 
044 |a xo  |c SK 
080 |a 328.1 (437)  |2 1981 
245 0 0 |a Konštruktívnosť a činorodosť  |b Prvé zasadanie federálnej vlády 
650 0 7 |a vláda ČSFR  |2 snkbucl  |9 951065 
655 7 |a články z novín a časopisov  |2 snkbucl  |9 267496 
773 0 |t Národná obroda víkend  |g Roč. 3, č. 161 (10. 7. 1992), s. 1 a 2 
850 |a Slovenská národná knižnica v Martine  |a MTA001 
852 |a SNK  |b KIS3GCP 
958 |a RK 
992 |a RBX 
999 |c 1556813  |d 1558743